00280nam a22000857a 4500082001900000100002100019245009900040260004700139300000800186 a324.245408 ABR aPeddiny, abraham aan analysis of Hate Literature a Gainst the Muslims: the Image of Muslim in the Ideligy of RSS aKollkatabSenat of Serampore Collegec1999 a109